<?xml version="1.0" encoding="UTF-8"?>
<record
    xmlns:xsi="http://www.w3.org/2001/XMLSchema-instance"
    xsi:schemaLocation="http://www.loc.gov/MARC21/slim http://www.loc.gov/standards/marcxml/schema/MARC21slim.xsd"
    xmlns="http://www.loc.gov/MARC21/slim">

  <leader>01112nam a22002537a 4500</leader>
  <controlfield tag="001">22133</controlfield>
  <controlfield tag="005">20260331114224.0</controlfield>
  <controlfield tag="008">260325b        |||||||| |||| 00| 0 spa d</controlfield>
  <datafield tag="020" ind1=" " ind2=" ">
    <subfield code="a">9781009273015</subfield>
  </datafield>
  <datafield tag="082" ind1=" " ind2=" ">
    <subfield code="a">421.071</subfield>
    <subfield code="b">C24F</subfield>
  </datafield>
  <datafield tag="100" ind1=" " ind2=" ">
    <subfield code="a">,</subfield>
  </datafield>
  <datafield tag="110" ind1=" " ind2=" ">
    <subfield code="a">Cambridge University Press &amp; Assessment</subfield>
  </datafield>
  <datafield tag="245" ind1=" " ind2=" ">
    <subfield code="a">B2 first for schools 5 :</subfield>
    <subfield code="b">with answers: authentic practice tests</subfield>
  </datafield>
  <datafield tag="250" ind1=" " ind2=" ">
    <subfield code="a">Primera edici&#xF3;n</subfield>
  </datafield>
  <datafield tag="260" ind1=" " ind2=" ">
    <subfield code="a">Cambridge :</subfield>
    <subfield code="b">Cambridge University Press &amp; Assessment,</subfield>
    <subfield code="c">2023</subfield>
  </datafield>
  <datafield tag="300" ind1=" " ind2=" ">
    <subfield code="a">175 p&#xE1;ginas :</subfield>
    <subfield code="b">ilustraciones ;</subfield>
    <subfield code="c">25 cm.</subfield>
  </datafield>
  <datafield tag="440" ind1=" " ind2=" ">
    <subfield code="a"> ;</subfield>
  </datafield>
  <datafield tag="650" ind1=" " ind2=" ">
    <subfield code="a">LEN</subfield>
  </datafield>
  <datafield tag="653" ind1=" " ind2=" ">
    <subfield code="a">Sistema de escritura ingl&#xE9;s y fonolog&#xED;a</subfield>
  </datafield>
  <datafield tag="654" ind1=" " ind2=" ">
    <subfield code="a">CTP</subfield>
  </datafield>
  <datafield tag="700" ind1=" " ind2=" ">
    <subfield code="a">; </subfield>
  </datafield>
  <datafield tag="856" ind1=" " ind2=" ">
    <subfield code="u">https://0u20fudzn-y-https-research-ebsco-com.itmsp.museknowledge.com/c/qxo6us/search/results?q=B2+first+for+schools+&amp;autocorrect=y&amp;db=nlebk%2Ce000sww%2Ce000xww%2Ce020mww%2Ce230xww%2Ce250xww%2Ce095mww&amp;expanders=concept&amp;limiters=None&amp;searchMode=boolean&amp;searchSegment=all-results&amp;skipResultsFetch=true&amp;sqId=sq%3A23ee2f3f-fd04-4237-8ded-b4a851ddc52f</subfield>
    <subfield code="z">V&#xE9;ase adem&#xE1;s: Base de datos EBSCOhost</subfield>
  </datafield>
  <datafield tag="942" ind1=" " ind2=" ">
    <subfield code="c">LIB</subfield>
    <subfield code="d">JUS</subfield>
    <subfield code="f">MIP</subfield>
    <subfield code="n">0</subfield>
    <subfield code="2">ddc</subfield>
  </datafield>
  <datafield tag="999" ind1=" " ind2=" ">
    <subfield code="c">22133</subfield>
    <subfield code="d">22133</subfield>
  </datafield>
  <datafield tag="952" ind1=" " ind2=" ">
    <subfield code="o">421.071 C24F</subfield>
    <subfield code="p">1088223</subfield>
    <subfield code="8">UCSP</subfield>
    <subfield code="t">1</subfield>
    <subfield code="7">1</subfield>
    <subfield code="5">1</subfield>
    <subfield code="b">VAB</subfield>
    <subfield code="a">VAB</subfield>
    <subfield code="c">IDM</subfield>
    <subfield code="d">2026-03-25</subfield>
    <subfield code="e">6</subfield>
    <subfield code="3">Idiomas UCSP</subfield>
    <subfield code="r">2026-03-25 15:17:00</subfield>
    <subfield code="l">0</subfield>
    <subfield code="w">2026-03-25</subfield>
    <subfield code="y">LIB</subfield>
    <subfield code="1">0</subfield>
    <subfield code="2">ddc</subfield>
    <subfield code="4">0</subfield>
    <subfield code="0">1</subfield>
  </datafield>
</record>
